Deutsche TV-Werbungen nach Beschreibung - Statistiken

Allgemein
  • Dieses Quiz wurde 70 mal gespielt
  • Das Durchschnittsergebnis liegt bei 10 aus 20
Antwortstatistiken
Zusammenfassung Produkt % Korrekt
Alle fangen plötzlich an, wie ein Pinguin zu watscheln Kinder Pingui
84%
Ein bärtiger Typ berät Kunden über sein Fachgebiet: Technik Saturn
81%
Cartoon-Figuren schaffen alles (inklusive fliegen) mit diesem Produkt Red Bull
75%
In der Tat verhindert dieses Produkt den Haarausfall... zumindest laut diesem Laborchef Alpecin
74%
Dieses Produkt führt bei Erwachsenen zu übermäßiger Albernheit und einer kindlichen Stimme Haribo
74%
Egal welches Wetter, die Frisur sitzt Schwarzkopf Drei Wetter Taft
65%
Mr. Bean wird von einer Gruppe Samurai umzingelt, kann sich nach Einnahme dieses Produkts aber verteidigen Snickers
65%
Zahlreiche Weihnachtsbäume werden aus den Fenstern geworfen Ikea
63%
Liebesgeschichte über ein Glas Milch und eine Süßigkeit Kinder Riegel
63%
Eine Late-Night-Show, in der sich alles ums Thema "Urlaub" dreht Check24
60%
Dieser glatzköpfige Cartoon-Mann ist der Schwarm aller Hausfrauen Meister Proper
58%
Wenn du willst, kann deine Freundin Manuel Neuer sein Coca-Cola Zero
47%
Ein Opa geht seiner Familie so lange auf die Nerven, bis diese ihm einen größeren und moderneren Fernseher kaufen MediaMarkt
47%
Hier gibt man alles, um die Kunden glücklich zu machen... zur Not steht der Leiter sogar persönlich vor deiner Haustür 1&1
39%
Dein Mann ist nichts im Vergleich zu einem sexy Mann, der gut riecht Old Spice
32%
Alles gibt's für 'nen Euro... bis auf die Telefonnummer der Mitarbeiterin McDonald's
25%
Was wäre der morgendliche Kaffee bloß ohne dieses süße, braune Raubtier Bärenmarke
19%
Plötzlich taucht Robbie Williams auf und singt ein Lied über Katzen Felix
19%
Mithilfe dieses Produkts kann sich selbst diese cholerische Zeichentrickfigur entspannen HB
18%
Ein Mann mittleren Alters fordert die Zuschauer auf, sich von der Qualität dieses Getränks selbst zu überzeugen Melitta
2%
Keine übereinstimmenden Quizze gefunden
Verteilung der Resultate
Anzahl Personen mit jedem Resultat
Perzentil nach korrekt beantworteten Fragen
Ihre Resultats-Entwicklung
Sie haben dieses Quiz noch nicht gespielt